[Event "BL 9091 Heidelberg-Sindelfingen"]
[Site "?"]
[Date "1991.??.??"]
[Round "?.8"]
[White "Zuse, P."]
[Black "Franke, H."]
[Result "1/2-1/2"]
[WhiteElo "2230"]
[BlackElo "2390"]
[PlyCount "110"]
[EventDate "1991.??.??"]

1. g3 e5 2. c4 Nf6 3. Bg2 c6 4. d4 Bb4+ 5. Bd2 Bxd2+ 6. Qxd2 d6 7. dxe5 dxe5 8.
Qg5 Qa5+ 9. Nd2 O-O 10. Ngf3 Nbd7 11. O-O h6 12. Nb3 Qb4 13. Qc1 a5 14. Ne1 a4
15. Nd2 Nc5 16. Nc2 Qb6 17. Ne3 Ne6 18. Re1 Ra5 19. Qc3 Nd4 20. Rac1 Be6 21.
Nc2 Bg4 22. Nf3 Bxf3 23. Bxf3 Rd8 24. Bg2 Raa8 25. e3 Nxc2 26. Rxc2 Qc5 27. b4
axb3 28. Qxb3 Ra7 29. h4 e4 30. Qb1 Rd3 31. Rb2 Qxc4 32. Bf1 b5 33. Bxd3 exd3
34. Rd1 Rd7 35. Rbd2 Ne4 36. Rxd3 Nc3 37. Qc2 Rd5 38. e4 Rd4 39. Kh2 Nxd1 40.
Qxc4 Rxc4 41. Rxd1 Rxe4 42. Rd8+ Kh7 43. Rc8 Re6 44. h5 g6 45. Rc7 Kg8 46. hxg6
fxg6 47. f4 Kf8 48. g4 Ke8 49. Kg3 Kd8 50. Rg7 c5 51. f5 gxf5 52. gxf5 Rc6 53.
Rb7 b4 54. Kf4 Rc7 55. Rb6 c4 1/2-1/2

[Event "BL 9091 Solingen-Porz"]
[Site "?"]
[Date "1991.??.??"]
[Round "?.1"]
[White "Hort, V."]
[Black "Short, N."]
[Result "1/2-1/2"]
[WhiteElo "2540"]
[BlackElo "2635"]
[PlyCount "60"]
[EventDate "1991.??.??"]

1. e4 e6 2. d4 d5 3. Nc3 Nf6 4. Bg5 dxe4 5. Nxe4 Be7 6. Bxf6 Bxf6 7. Nf3 O-O 8.
c3 Nd7 9. Bd3 e5 10. Nxf6+ Qxf6 11. O-O exd4 12. Nxd4 Ne5 13. Be4 h6 14. Qc2
Nc4 15. Rfe1 Nd6 16. Re3 Bd7 17. Rae1 Rae8 18. b4 Nxe4 19. Rxe4 Rxe4 20. Qxe4
Re8 21. Qb1 Rxe1+ 22. Qxe1 Kf8 23. g3 Qe7 24. Kf1 Qxe1+ 25. Kxe1 Ke7 26. Kd2
Kd6 27. c4 g5 28. Kc3 Ke5 29. Kd3 b6 30. b5 Kd6 1/2-1/2

[Event "BL 9091 Solingen-Porz"]
[Site "?"]
[Date "1991.??.??"]
[Round "?.2"]
[White "Chandler, M."]
[Black "Christiansen, L."]
[Result "1/2-1/2"]
[WhiteElo "2575"]
[BlackElo "2590"]
[PlyCount "177"]
[EventDate "1991.??.??"]

1. e4 c5 2. Nf3 e6 3. d4 cxd4 4. Nxd4 a6 5. Bd3 Bc5 6. Nb3 Ba7 7. Qe2 Nc6 8.
Be3 Nf6 9. Bxa7 Rxa7 10. N1d2 d6 11. O-O O-O 12. a4 e5 13. a5 b5 14. axb6 Qxb6
15. Nc4 Qb8 16. Nba5 Nd4 17. Qe3 Bd7 18. h3 Bb5 19. Rfd1 Rc8 20. c3 Bxc4 21.
cxd4 Bxd3 22. Qxd3 exd4 23. Qxd4 h6 24. Nc4 Ne8 25. Nb6 Rc2 26. b4 Nf6 27. Rdc1
Rxc1+ 28. Rxc1 Rc7 29. Rxc7 Qxc7 30. Nc4 Ne8 31. Ne3 Nf6 32. Nc4 Ne8 33. g3 Qc6
34. Kh2 h5 35. Kg1 Qc7 36. Ne3 Qc1+ 37. Kg2 Qc6 38. Nd5 Qb7 39. Kg1 Kf8 40. Qd1
g6 41. Qa1 Kg8 42. Qa5 Kg7 43. Qd8 Qc6 44. Kg2 Qb5 45. Qc8 Qa4 46. g4 hxg4 47.
hxg4 Qd1 48. b5 axb5 49. Ne3 Qd4 50. Qxe8 b4 51. Qc6 b3 52. Qc4 Qb2 53. Qd3 Qa2
54. Qc4 Qb1 55. Qd4+ Kg8 56. Nc4 Qc1 57. Kf3 Kh7 58. Ke2 Qc2+ 59. Ke3 Qc1+ 60.
Kf3 Qh1+ 61. Ke2 Qc1 62. Nd2 b2 63. Qd3 Qg1 64. Qb3 Qxg4+ 65. f3 Qe6 66. Qxb2
d5 67. Qd4 dxe4 68. fxe4 Qa6+ 69. Ke3 Qa3+ 70. Kf4 Qc1 71. e5 Kh6 72. Ke4 Qc6+
73. Kd3 Qa6+ 74. Nc4 Qe6 75. Ne3 Qb3+ 76. Ke2 Qe6 77. Qf4+ Kg7 78. Ng4 Kf8 79.
Kf2 Qb6+ 80. Kg2 Qb2+ 81. Kg3 Qb1 82. Qh6+ Ke7 83. Qg5+ Kf8 84. Qd8+ Kg7 85.
Qf6+ Kf8 86. Ne3 Kg8 87. Kf4 Qb4+ 88. Kg5 Qb2 89. Kf4 1/2-1/2

[Event "BL 9091 Solingen-Porz"]
[Site "?"]
[Date "1991.??.??"]
[Round "?.5"]
[White "Schmittdiel, E."]
[Black "Reeh, O."]
[Result "0-1"]
[WhiteElo "2485"]
[BlackElo "2470"]
[PlyCount "70"]
[EventDate "1991.??.??"]

1. e4 d6 2. d4 g6 3. f4 Bg7 4. Nf3 Nf6 5. e5 Nd5 6. c4 Nb6 7. h3 O-O 8. Nc3
N6d7 9. Be3 c5 10. exd6 exd6 11. Qd2 Nc6 12. d5 Ne7 13. g4 Nf6 14. Bd3 Re8 15.
O-O-O a6 16. f5 b5 17. g5 b4 18. Na4 Nfxd5 19. cxd5 Bxf5 20. Kb1 Bd7 21. Bc2
Qa5 22. b3 Bxa4 23. bxa4 Nc8 24. Bb3 Nb6 25. Qd3 Nxa4 26. Bxa4 Qxa4 27. Bc1 b3
28. Rh2 c4 29. Qf1 bxa2+ 30. Rxa2 Rab8+ 31. Bb2 Rxb2+ 32. Rxb2 Bxb2 33. Kxb2
Qb3+ 34. Ka1 Rb8 35. Rd2 Qc3+ 0-1

[Event "BL 9091 Solingen-Porz"]
[Site "?"]
[Date "1991.??.??"]
[Round "?.6"]
[White "Podzielny, K."]
[Black "Knaak, R."]
[Result "1/2-1/2"]
[WhiteElo "2445"]
[BlackElo "2515"]
[PlyCount "78"]
[EventDate "1991.??.??"]

1. Nf3 e6 2. g3 b5 3. a4 b4 4. Bg2 Bb7 5. O-O Nf6 6. d3 Be7 7. e4 d5 8. Nbd2 c5
9. Re1 Nc6 10. exd5 exd5 11. Nf1 O-O 12. Ne3 g6 13. h4 Re8 14. Ng5 Bf8 15. Bd2
Rb8 16. Nh3 Ne5 17. Nf1 b3 18. Bf4 bxc2 19. Qxc2 Bd6 20. Bg5 Ned7 21. Nf4 Rxe1
22. Rxe1 Qa5 23. Re2 Bc6 24. Ne3 Bxa4 25. Qc1 Bxf4 26. gxf4 Bb3 27. h5 Qb5 28.
hxg6 hxg6 29. f5 Qxd3 30. Rd2 Qb5 31. Nxd5 Nxd5 32. Bxd5 Bxd5 33. Rxd5 Qc6 34.
Qd1 Nf8 35. Be7 gxf5 36. Rd8 Qg6+ 37. Kf1 Qa6+ 38. Kg1 Qg6+ 39. Kf1 Qa6+
1/2-1/2

[Event "BL 9091 Solingen-Porz"]
[Site "?"]
[Date "1991.??.??"]
[Round "?.7"]
[White "Vogt, L."]
[Black "Zysk, R."]
[Result "1/2-1/2"]
[WhiteElo "2510"]
[BlackElo "2415"]
[PlyCount "62"]
[EventDate "1991.??.??"]

1. e4 g6 2. d4 d6 3. Nc3 c6 4. f4 d5 5. e5 h5 6. Nf3 Bg4 7. h3 Bxf3 8. Qxf3 e6
9. g3 Qb6 10. Qd3 Ne7 11. Be3 Nf5 12. Bf2 c5 13. Qb5+ Nd7 14. Qxb6 axb6 15. Nb5
Rc8 16. c3 cxd4 17. Nxd4 Nxd4 18. Bxd4 Bc5 19. Rd1 Ke7 20. Bb5 Ra8 21. a3 Nb8
22. Ke2 Nc6 23. Be3 Bxe3 24. Kxe3 Ra5 25. a4 Raa8 26. h4 Rhc8 27. Ra1 Na5 28.
Ra3 Nc4+ 29. Bxc4 Rxc4 30. Rha1 Kd7 31. Kd3 Ra6 1/2-1/2

[Event "BL 9091 Solingen-Porz"]
[Site "?"]
[Date "1991.??.??"]
[Round "?.8"]
[White "Serrer, C."]
[Black "Uhlmann, W."]
[Result "0-1"]
[WhiteElo "2305"]
[BlackElo "2510"]
[PlyCount "86"]
[EventDate "1991.??.??"]

1. Nf3 Nf6 2. c4 g6 3. Nc3 Bg7 4. e4 d6 5. d4 O-O 6. Be2 e5 7. dxe5 dxe5 8.
Qxd8 Rxd8 9. Bg5 Re8 10. O-O-O Na6 11. Ne1 Nc5 12. f3 c6 13. Nc2 a5 14. b3 Be6
15. Rd2 Nfd7 16. Rhd1 f5 17. Ne1 fxe4 18. Nxe4 Nxe4 19. fxe4 Nc5 20. Bf3 a4 21.
Nd3 Bf8 22. Be3 Nd7 23. Kb2 b5 24. c5 axb3 25. axb3 b4 26. Ra1 Rxa1 27. Kxa1
Bxb3 28. Bd1 Be6 29. Nxb4 Ra8+ 30. Kb2 Nxc5 31. Bxc5 Bxc5 32. Nxc6 Ra6 33. Nxe5
Ra2+ 34. Kc3 Bb4+ 35. Kxb4 Rxd2 36. Bf3 Rc2 37. h4 Kg7 38. Nd3 h5 39. Nf4 Bf7
40. Nd3 Kf6 41. Ne1 Rc4+ 42. Kb5 Rc1 43. Nd3 Bc4+ 0-1

[Event "BL 9091 Dortmund-Koblenz"]
[Site "?"]
[Date "1991.??.??"]
[Round "?.1"]
[White "Dizdar, G."]
[Black "Razuvaev, Y."]
[Result "0-1"]
[WhiteElo "2535"]
[BlackElo "2585"]
[PlyCount "59"]
[EventDate "1991.??.??"]

1. Nf3 Nf6 2. g3 b5 3. Bg2 Bb7 4. Na3 a6 5. c4 e5 6. cxb5 Bxa3 7. bxa3 axb5 8.
Qb3 O-O 9. O-O Bxf3 10. Bxf3 c6 11. Bb2 Re8 12. Rac1 d5 13. d3 Ra6 14. e4 dxe4
15. dxe4 Nbd7 16. Rc2 Qb6 17. Rfc1 c5 18. Qe3 h6 19. Rb1 Qc6 20. Bc1 c4 21.
Rcb2 Rb8 22. Rb4 Rb7 23. Qc3 Nc5 24. a4 Rxa4 25. Rxa4 Nxa4 26. Qxe5 Qe6 27.
Qxe6 fxe6 28. Rb4 Nc3 29. Rb2 Ra7 30. Bd2 0-1

[Event "BL 9091 Dortmund-Koblenz"]
[Site "?"]
[Date "1991.??.??"]
[Round "?.2"]
[White "Smagin, S."]
[Black "Garcia Palermo, C."]
[Result "1/2-1/2"]
[WhiteElo "2550"]
[BlackElo "2455"]
[PlyCount "87"]
[EventDate "1991.??.??"]

1. e4 c6 2. c4 d5 3. exd5 cxd5 4. cxd5 Nf6 5. Nc3 Nxd5 6. Nf3 Nxc3 7. bxc3 g6
8. h4 Bg7 9. h5 Nc6 10. Bc4 Qc7 11. Kf1 Na5 12. Bb5+ Bd7 13. Bxd7+ Qxd7 14. Qe2
Rc8 15. Rb1 Nc4 16. d3 Nb6 17. c4 Na4 18. Bd2 b6 19. Rh3 Rd8 20. Ne5 Qd6 21.
Bb4 Nc5 22. d4 Bxe5 23. dxe5 Qc6 24. e6 Qxe6 25. Qxe6 Nxe6 26. hxg6 fxg6 27.
Re3 Nc5 28. Bxc5 bxc5 29. Rb7 Rd7 30. Reb3 Rxb7 31. Rxb7 Kf7 32. Rxa7 Rb8 33.
Ra5 Rb4 34. Rxc5 Ra4 35. Ke2 Rxa2+ 36. Ke3 h5 37. Rg5 Kf6 38. f4 Rc2 39. Kd3
Rc1 40. g3 e6 41. Kd4 Rf1 42. Ke4 Re1+ 43. Kd4 Rf1 44. Ke4 1/2-1/2

[Event "BL 9091 Dortmund-Koblenz"]
[Site "?"]
[Date "1991.??.??"]
[Round "?.3"]
[White "Brueckner, T."]
[Black "Mainka, R."]
[Result "0-1"]
[WhiteElo "2405"]
[BlackElo "2430"]
[PlyCount "104"]
[EventDate "1991.??.??"]

1. c4 e5 2. g3 Nf6 3. Bg2 d5 4. cxd5 Nxd5 5. Nc3 Nb6 6. Nf3 Nc6 7. O-O Be7 8.
d3 O-O 9. a3 Be6 10. b4 a5 11. b5 Nd4 12. Nd2 Qc8 13. e3 Nf5 14. Nf3 f6 15. e4
Nd6 16. Be3 a4 17. Qe2 Rd8 18. Rfb1 Qd7 19. d4 Nbc4 20. d5 Bg4 21. Rb4 Nxe3 22.
Qxe3 Nc8 23. Rbb1 Nb6 24. Nd2 Bd6 25. Qd3 Qe7 26. Nc4 Bc5 27. Nxb6 Bxb6 28. Rb4
Bc5 29. Rxa4 Rxa4 30. Nxa4 Bd4 31. Rc1 Ra8 32. Rc4 Qe8 33. Qb3 Bd7 34. Rxc7
Bxb5 35. Nc3 Bd7 36. Qxb7 Rb8 37. Qa6 Rb6 38. Qc4 Rb2 39. d6+ Be6 40. d7 Qxd7
41. Nd5 Qe8 42. Bh3 Bxf2+ 43. Kh1 Rb1+ 44. Kg2 Bxh3+ 45. Kxf2 Kh8 46. Ne3 Rb2+
47. Kg1 Qd8 48. Qf7 Rb1+ 49. Kf2 Qd2+ 50. Kf3 Rf1+ 51. Nxf1 Bg2+ 52. Kg4 Qg5#
0-1

[Event "BL 9091 Dortmund-Koblenz"]
[Site "?"]
[Date "1991.??.??"]
[Round "?.4"]
[White "Paehtz, T."]
[Black "Doncevic, D."]
[Result "1-0"]
[WhiteElo "2455"]
[BlackElo "2345"]
[PlyCount "83"]
[EventDate "1991.??.??"]

1. c4 Nf6 2. Nc3 d5 3. cxd5 Nxd5 4. g3 g6 5. Bg2 Nb6 6. h4 h5 7. d3 Bg7 8. Be3
N8d7 9. a4 Nf6 10. a5 Nbd5 11. Nxd5 Nxd5 12. Bd4 Nf6 13. Qa4+ c6 14. a6 O-O 15.
Nf3 b5 16. Qa3 Bg4 17. Bc5 Nd5 18. O-O Re8 19. d4 Qc8 20. Rfc1 Qf5 21. Re1 Qe6
22. e4 Nb6 23. Bxb6 axb6 24. d5 cxd5 25. exd5 Qf6 26. Ne5 Qxe5 27. Rxe5 Bxe5
28. a7 Bd6 29. Qa6 Bd7 30. Bf1 Bc5 31. Bxb5 Bxb5 32. Qxb5 Rec8 33. Qd7 Kg7 34.
Ra6 Rd8 35. Qb7 Kf6 36. Kg2 Re8 37. b4 Bd4 38. Rxb6+ Bxb6 39. Qxb6+ Kg7 40. Qa6
Red8 41. b5 Rac8 42. b6 1-0

[Event "BL 9091 Dortmund-Koblenz"]
[Site "?"]
[Date "1991.??.??"]
[Round "?.5"]
[White "Seul, G."]
[Black "Keitlinghaus, L."]
[Result "0-1"]
[WhiteElo "2340"]
[BlackElo "2400"]
[PlyCount "142"]
[EventDate "1991.??.??"]

1. Nf3 e6 2. g3 f5 3. Bg2 Nf6 4. O-O Be7 5. d4 O-O 6. c4 d5 7. Nc3 c6 8. b3 Bd7
9. e3 Be8 10. Ne2 Bh5 11. Nf4 Bxf3 12. Bxf3 Kf7 13. Bb2 Nbd7 14. g4 g5 15. Nd3
fxg4 16. Bxg4 Bd6 17. Ne5+ Ke7 18. Bh3 Rg8 19. b4 Qb8 20. e4 g4 21. Bg2 dxe4
22. Nxd7 Bxh2+ 23. Kh1 Nxd7 24. Qe2 Nf6 25. Rad1 Rg5 26. Rfe1 Rh5 27. d5 Be5+
28. Kg1 exd5 29. cxd5 cxd5 30. Rxd5 Bh2+ 31. Kf1 Rxd5 32. Bxe4 Re5 33. Bxe5
Bxe5 34. Bf5 Kf7 35. Qxe5 Qxe5 36. Rxe5 b6 37. Be6+ Kg6 38. Bf5+ Kf7 39. Be6+
Kf8 40. Rg5 Re8 41. Bxg4 Re4 42. Bd1 Rxb4 43. Bb3 Rf4 44. Rg3 Ng4 45. f3 Nf6
46. Ke2 a5 47. Rg5 Rb4 48. Kd2 a4 49. Kc3 Rf4 50. Bd1 h5 51. Kd2 h4 52. Ke1 Rb4
53. Rg2 b5 54. Rd2 Ke7 55. Kf2 Rb1 56. Kg2 a3 57. Bb3 Rb2 58. Rf2 Nh5 59. Kg1
Nf4 60. Rc2 Rxc2 61. Bxc2 Kf6 62. Bb1 Ke5 63. Bc2 Kd4 64. Kf2 h3 65. Kg3 Ke3
66. Bb3 h2 67. Kxh2 Kxf3 68. Bg8 b4 69. Bf7 Ne2 70. Bg8 Ke3 71. Kg2 Nc1 0-1

[Event "BL 9091 Dortmund-Koblenz"]
[Site "?"]
[Date "1991.??.??"]
[Round "?.6"]
[White "Thesing, M."]
[Black "Wolf, V."]
[Result "0-1"]
[WhiteElo "2405"]
[BlackElo "2310"]
[PlyCount "63"]
[EventDate "1991.??.??"]

1. Nf3 d6 2. e4 Nf6 3. Nc3 g6 4. d4 Bg7 5. h3 O-O 6. Be3 c6 7. a4 Nbd7 8. a5
Qc7 9. Be2 e5 10. dxe5 dxe5 11. Bc4 Nh5 12. O-O Ndf6 13. Qc1 Nf4 14. Rd1 Be6
15. Bf1 N6h5 16. Kh2 Qc8 17. Ng5 Bf6 18. Nxe6 Nxe6 19. Bc4 Be7 20. Ne2 Nhg7 21.
f3 Kh8 22. Qd2 Rd8 23. Qc3 Qc7 24. Rxd8+ Bxd8 25. Kh1 Be7 26. Qb3 Kg8 27. Rd1
Bc5 28. Bxe6 Nxe6 29. Bxc5 Nxc5 30. Qa3 Ne6 31. a6 b6 32. Qd6 0-1

[Event "BL 9091 Dortmund-Koblenz"]
[Site "?"]
[Date "1991.??.??"]
[Round "?.7"]
[White "Fecht, H."]
[Black "Stein, B."]
[Result "1/2-1/2"]
[WhiteElo "2250"]
[BlackElo "2370"]
[PlyCount "60"]
[EventDate "1991.??.??"]

1. d4 Nf6 2. c4 d6 3. Nc3 Nbd7 4. Nf3 c6 5. g3 e5 6. Bg2 Be7 7. O-O O-O 8. e4
a6 9. Qc2 b5 10. Rd1 Qc7 11. b3 Re8 12. Bb2 Bf8 13. Rac1 b4 14. Ne2 c5 15. d5
g6 16. Rf1 Bh6 17. Rce1 Nh5 18. Nh4 Bg5 19. Bc1 Qd8 20. Nf3 Be7 21. Nd2 Ng7 22.
Bh3 a5 23. f4 f6 24. Nf3 Bf8 25. Bb2 Ra7 26. fxe5 Nxe5 27. Bxc8 Qxc8 28. Nxe5
fxe5 29. Kg2 Ree7 30. Rf3 Rf7 1/2-1/2

[Event "BL 9091 Dortmund-Koblenz"]
[Site "?"]
[Date "1991.??.??"]
[Round "?.8"]
[White "Buecker, S."]
[Black "Fritsche, L."]
[Result "0-1"]
[WhiteElo "2345"]
[BlackElo "2300"]
[PlyCount "124"]
[EventDate "1991.??.??"]

1. f4 g6 2. Nf3 Bg7 3. d3 c5 4. g3 Nc6 5. Bg2 e6 6. O-O Nge7 7. e4 d6 8. Nbd2
Rb8 9. Rb1 O-O 10. a3 Qc7 11. Kh1 Bd7 12. Ng5 b5 13. Ndf3 a5 14. Be3 h6 15. Nh3
Nd4 16. Qd2 Kh7 17. Nhg1 b4 18. axb4 Rxb4 19. Nh4 Nb5 20. c3 Rb3 21. Qc2 a4 22.
Ngf3 Na7 23. Nd2 Rbb8 24. Ra1 Nac8 25. Nc4 Nb6 26. Na3 Rfc8 27. Rae1 d5 28. f5
exf5 29. exf5 Nxf5 30. Bf4 Nd6 31. Re7 Qc6 32. Bxd6 Qxd6 33. Rfxf7 Rg8 34. Qe2
Rbe8 35. Nf3 Rxe7 36. Qxe7 Qxe7 37. Rxe7 Re8 38. Rxe8 Bxe8 39. Bh3 Bc6 40. d4
cxd4 41. Nxd4 Bxd4 42. cxd4 Nc4 43. Bf1 Nxb2 44. Be2 Nc4 45. Bxc4 dxc4+ 46. Kg1
c3 47. Kf2 Be4 48. Ke3 Bf5 49. g4 Bb1 50. Nb5 Kg7 51. Ke2 Kf6 52. d5 Ke5 53. d6
Ke6 54. Kd1 Bd3 55. Nxc3 a3 56. Kd2 Bc4 57. Kc2 Kxd6 58. g5 h5 59. Ne4+ Ke5 60.
Nf6 Kf4 61. h4 Kg3 62. Nd7 Be6 0-1

[Event "BL 9091 Porz-Dortmund"]
[Site "?"]
[Date "1991.??.??"]
[Round "?.1"]
[White "Razuvaev, Y."]
[Black "Christiansen, L."]
[Result "1/2-1/2"]
[WhiteElo "2585"]
[BlackElo "2590"]
[PlyCount "70"]
[EventDate "1991.??.??"]

1. d4 Nf6 2. c4 e6 3. Nf3 Bb4+ 4. Bd2 a5 5. g3 d6 6. Bg2 Nbd7 7. O-O e5 8. e3
Bxd2 9. Qxd2 O-O 10. Nc3 Re8 11. e4 c6 12. b3 b5 13. cxb5 cxb5 14. dxe5 dxe5
15. Rfd1 Qb6 16. Rac1 Bb7 17. Nh4 g6 18. Qg5 Kh8 19. Nd5 Nxd5 20. exd5 Qd6 21.
Bf1 b4 22. Bb5 e4 23. Qf4 Qxf4 24. gxf4 Red8 25. Rc7 Bc8 26. Ng2 Nf6 27. Ne3
Kg7 28. d6 Be6 29. Bc4 Ne8 30. Rc6 Bd7 31. Rc5 Bh3 32. Rc6 Ra7 33. Bf1 Be6 34.
Bc4 Bh3 35. Bf1 Be6 1/2-1/2

[Event "BL 9091 Porz-Dortmund"]
[Site "?"]
[Date "1991.??.??"]
[Round "?.3"]
[White "Mainka, R."]
[Black "Lutz, C."]
[Result "0-1"]
[WhiteElo "2430"]
[BlackElo "2500"]
[PlyCount "102"]
[EventDate "1991.??.??"]

1. e4 c5 2. Nf3 d6 3. d4 cxd4 4. Nxd4 Nf6 5. Nc3 a6 6. Be3 e5 7. Nf3 Qc7 8. a4
Be7 9. a5 O-O 10. Be2 Nbd7 11. O-O Nc5 12. Nd5 Nxd5 13. exd5 Bg4 14. Nd2 Bxe2
15. Qxe2 f5 16. f3 Nd7 17. c4 Bf6 18. Ra2 Rae8 19. b4 e4 20. f4 Bc3 21. Rb1 g5
22. g3 gxf4 23. gxf4 Nf6 24. Rc2 Ng4 25. h3 Nxe3 26. Qxe3 Bf6 27. Kh2 Kh8 28.
Nb3 Qg7 29. Rg1 Qh6 30. Rcg2 Rg8 31. Rxg8+ Rxg8 32. Rxg8+ Kxg8 33. c5 Kf7 34.
Qd2 Qg7 35. c6 bxc6 36. dxc6 Bh4 37. Qe3 Qb2+ 38. Kg1 Qb1+ 39. Kg2 Qc2+ 40. Kg1
Qxc6 41. Qe2 Qc3 42. Qh5+ Ke6 43. Qe8+ Be7 44. Qg8+ Kd7 45. b5 e3 46. Qg2 Qxb3
47. Qc6+ Ke6 48. Qc8+ Kf6 49. Qh8+ Kg6 50. Qe8+ Qf7 51. Qc6 Qe6 0-1

[Event "BL 9091 Porz-Dortmund"]
[Site "?"]
[Date "1991.??.??"]
[Round "?.4"]
[White "Schmittdiel, E."]
[Black "Paehtz, T."]
[Result "1-0"]
[WhiteElo "2485"]
[BlackElo "2455"]
[PlyCount "152"]
[EventDate "1991.??.??"]

1. e4 e5 2. Nf3 d6 3. d4 Nf6 4. Nc3 Nbd7 5. Bc4 Be7 6. O-O c6 7. Bb3 h6 8. Be3
b5 9. a3 a6 10. Qe2 O-O 11. Rad1 Qc7 12. Nh4 exd4 13. Bxd4 Nc5 14. Ba2 Re8 15.
f3 Be6 16. Qf2 Bxa2 17. Nxa2 Ne6 18. Bb6 Qb8 19. Nf5 Bf8 20. Be3 d5 21. Qh4
dxe4 22. Nxh6+ gxh6 23. Qxf6 Bg7 24. Qf5 Ng5 25. fxe4 Re5 26. Qf2 Qe8 27. Bd4
Nxe4 28. Qf4 Re6 29. Bxg7 Kxg7 30. Rd4 Ra7 31. Nc3 Nxc3 32. Qg3+ Rg6 33. Qxc3
Kh7 34. Qd3 Qe6 35. h4 h5 36. Rdf4 Rd7 37. Qxd7 Qxd7 38. Rxf7+ Rg7 39. Rxd7
Rxd7 40. Rf6 Rd1+ 41. Kh2 Rd4 42. Rxc6 Rxh4+ 43. Kg3 Ra4 44. c3 Re4 45. Kf3 Re1
46. Rxa6 Rb1 47. b4 Rb3 48. Rc6 Rxa3 49. Rc5 Kg6 50. Kg3 Kf6 51. Kf4 h4 52. Kg4
Ra2 53. g3 hxg3 54. Kxg3 Re2 55. Kf4 Ke6 56. Rxb5 Kd6 57. Rc5 Re1 58. Rc8 Kd7
59. Rc4 Kd6 60. b5 Rb1 61. Rc6+ Kd7 62. c4 Re1 63. Rc5 Kd6 64. Rd5+ Kc7 65. Re5
Rc1 66. c5 Rb1 67. Re7+ Kb8 68. b6 Rc1 69. Rc7 Re1 70. Kf5 Re2 71. Kf6 Re1 72.
c6 Rb1 73. Ke7 Rxb6 74. Kd7 Rb1 75. Rc8+ Ka7 76. Rd8 Rd1+ 1-0

[Event "BL 9091 Porz-Dortmund"]
[Site "?"]
[Date "1991.??.??"]
[Round "?.6"]
[White "Vogt, L."]
[Black "Thesing, M."]
[Result "1/2-1/2"]
[WhiteElo "2510"]
[BlackElo "2405"]
[PlyCount "62"]
[EventDate "1991.??.??"]

1. e4 e6 2. d4 d5 3. Nc3 Nc6 4. Nf3 Nf6 5. Bg5 Be7 6. e5 Ne4 7. Bxe7 Qxe7 8.
Bd3 Qb4 9. Bxe4 dxe4 10. a3 Qxb2 11. Nxe4 Qb5 12. a4 Qa6 13. Nc3 O-O 14. Nb5
Qa5+ 15. Qd2 Qxd2+ 16. Kxd2 a6 17. Nxc7 Rb8 18. c4 Rd8 19. d5 exd5 20. cxd5 Bg4
21. Ke3 Bxf3 22. gxf3 Nxe5 23. Rac1 Kf8 24. Ke4 Nd7 25. Kd4 Nf6 26. Rhe1 Rd6
27. a5 Rbd8 28. Re5 Nd7 29. Re3 Nf6 30. Re5 Nd7 31. Re3 Nf6 1/2-1/2

[Event "BL 9091 Porz-Dortmund"]
[Site "?"]
[Date "1991.??.??"]
[Round "?.7"]
[White "Stein, B."]
[Black "Uhlmann, W."]
[Result "1/2-1/2"]
[WhiteElo "2370"]
[BlackElo "2510"]
[PlyCount "33"]
[EventDate "1991.??.??"]

1. b3 Nf6 2. Bb2 e6 3. Nf3 d5 4. e3 a5 5. a3 a4 6. b4 Be7 7. Be2 Nbd7 8. O-O
O-O 9. c4 c5 10. d3 dxc4 11. dxc4 cxb4 12. axb4 Bxb4 13. Rxa4 Rxa4 14. Qxa4 Qb6
15. Nc3 Nc5 16. Qc2 Bd7 17. Ne5 1/2-1/2

[Event "BL 9091 Porz-Dortmund"]
[Site "?"]
[Date "1991.??.??"]
[Round "?.8"]
[White "Schoen, W."]
[Black "Buecker, S."]
[Result "0-1"]
[WhiteElo "2390"]
[BlackElo "2345"]
[PlyCount "74"]
[EventDate "1991.??.??"]

1. d4 f5 2. g3 Nf6 3. Bg2 d6 4. Nf3 g6 5. O-O Bg7 6. c4 O-O 7. Nc3 c6 8. d5 Bd7
9. Rb1 Na6 10. b4 Nc7 11. Nd4 e5 12. dxe6 Nxe6 13. e3 f4 14. Nce2 fxg3 15. hxg3
Ng5 16. Nf4 a6 17. Bb2 Qe7 18. Qb3 Nge4 19. Rbd1 g5 20. c5+ d5 21. Nfe2 Nh5 22.
g4 Nxf2 23. Rxf2 Rxf2 24. Kxf2 Nf6 25. Bf3 Bxg4 26. Rg1 Qd7 27. Ke1 Re8 28. Ng3
Bxf3 29. Nxf3 Ng4 30. Nf1 Qf5 31. Bxg7 Qxf3 32. Rxg4 Qxg4 33. Qc3 Qh4+ 34. Ke2
Qh5+ 35. Ke1 Qf7 36. Be5 Rf8 37. Qd3 Qf2+ 0-1

[Event "BL 9091 Koblenz-Solingen"]
[Site "?"]
[Date "1991.??.??"]
[Round "?.2"]
[White "Garcia Palermo, C."]
[Black "Chandler, M."]
[Result "0-1"]
[WhiteElo "2455"]
[BlackElo "2575"]
[PlyCount "82"]
[EventDate "1991.??.??"]

1. c4 c5 2. Nf3 Nc6 3. d4 cxd4 4. Nxd4 e6 5. Nc3 Nf6 6. a3 Bc5 7. Nb3 Be7 8. e4
O-O 9. Be2 b6 10. Bf4 d6 11. O-O Ba6 12. Rc1 Rc8 13. Nd2 Bb7 14. Re1 Ne5 15.
Bf1 a6 16. Bg3 Re8 17. f4 Ng6 18. Nb3 Bf8 19. Rc2 Qc7 20. Rd2 Rcd8 21. Kh1 h6
22. Nd4 Qc8 23. e5 dxe5 24. fxe5 Nd7 25. Qh5 Bc5 26. b4 Nf6 27. Qd1 Bxd4 28.
Rxd4 Nh5 29. Bf2 Nhf4 30. Ne4 Nxe5 31. Nd6 Rxd6 32. Rxe5 Rxd4 33. Qxd4 f6 34.
Re3 e5 35. Qxb6 Rd8 36. Re1 Qa8 37. Kg1 Bxg2 38. Qxd8+ Qxd8 39. Bxg2 Nxg2 40.
Kxg2 Qd3 41. c5 Qxa3 0-1

[Event "BL 9091 Koblenz-Solingen"]
[Site "?"]
[Date "1991.??.??"]
[Round "?.3"]
[White "Lau, R."]
[Black "Brueckner, T."]
[Result "1/2-1/2"]
[WhiteElo "2485"]
[BlackElo "2405"]
[PlyCount "38"]
[EventDate "1991.??.??"]

1. e4 e5 2. Nf3 Nc6 3. Bb5 a6 4. Ba4 Nf6 5. O-O Nxe4 6. d4 b5 7. Bb3 d5 8. dxe5
Be6 9. Nbd2 Nc5 10. c3 Be7 11. Bc2 Bg4 12. Re1 Qd7 13. Nf1 Bh5 14. Ng3 Bg6 15.
h4 O-O 16. Be3 Ne6 17. h5 Bxc2 18. Qxc2 f6 19. exf6 Rxf6 1/2-1/2

[Event "BL 9091 Koblenz-Solingen"]
[Site "?"]
[Date "1991.??.??"]
[Round "?.4"]
[White "Doncevic, D."]
[Black "Mohr, S."]
[Result "1/2-1/2"]
[WhiteElo "2345"]
[BlackElo "2430"]
[PlyCount "96"]
[EventDate "1991.??.??"]

1. e4 e6 2. d4 d5 3. Nd2 Nf6 4. e5 Nfd7 5. c3 c5 6. Bd3 Nc6 7. Ne2 cxd4 8. cxd4
f6 9. exf6 Nxf6 10. Nf3 Bd6 11. O-O O-O 12. Bf4 Bxf4 13. Nxf4 Ne4 14. Qc1 Ng5
15. Nxg5 Qxg5 16. Ne2 Qf6 17. Qe3 a6 18. f4 Bd7 19. Rac1 Rae8 20. a3 Re7 21. b4
Na7 22. Nc3 Ree8 23. Qe5 Nc6 24. Qxf6 Rxf6 25. Ne2 Ref8 26. g3 h6 27. b5 axb5
28. Bxb5 Be8 29. Bxc6 Bxc6 30. Nc3 Ra8 31. a4 Rff8 32. Ra1 Rfc8 33. Rfb1 Be8
34. Ra3 Rc7 35. Kf2 Rac8 36. Ne2 Rc2 37. Rxb7 Bh5 38. Re3 Ra2 39. h3 Rcc2 40.
g4 Bg6 41. Rb6 Be4 42. Rxe6 Rxa4 43. f5 Raa2 44. Rb6 Kf7 45. Rb7+ Kg8 46. Rb8+
Kf7 47. Rb7+ Kg8 48. Rb8+ Kf7 1/2-1/2

[Event "BL 9091 Koblenz-Solingen"]
[Site "?"]
[Date "1991.??.??"]
[Round "?.5"]
[White "Reeh, O."]
[Black "Seul, G."]
[Result "0-1"]
[WhiteElo "2470"]
[BlackElo "2340"]
[PlyCount "70"]
[EventDate "1991.??.??"]

1. d4 Nf6 2. c4 e6 3. Nf3 Bb4+ 4. Nbd2 c5 5. e3 cxd4 6. exd4 O-O 7. Bd3 b6 8.
O-O Bb7 9. a3 Be7 10. b3 d6 11. Bb2 Nbd7 12. Re1 Re8 13. b4 Bf8 14. Nb3 Qc7 15.
Rc1 Rac8 16. h3 Qb8 17. Nh2 Rcd8 18. Ng4 e5 19. Bf5 Qa8 20. Ne3 g6 21. Bb1 Bh6
22. dxe5 dxe5 23. Qe2 Nf8 24. Rcd1 Rxd1 25. Rxd1 Ne6 26. Qf1 Nf4 27. g3 Ne6 28.
Nd2 Nd4 29. Bxd4 exd4 30. Ng4 Nxg4 31. hxg4 Qc8 32. Nb3 Qxg4 33. Nxd4 Be3 34.
Ne2 Bf3 35. Bd3 Bg5 0-1

[Event "BL 9091 Koblenz-Solingen"]
[Site "?"]
[Date "1991.??.??"]
[Round "?.6"]
[White "Bayer, E."]
[Black "Podzielny, K."]
[Result "0-1"]
[WhiteElo "2330"]
[BlackElo "2445"]
[PlyCount "80"]
[EventDate "1991.??.??"]

1. d4 Nf6 2. c4 g6 3. g3 Bg7 4. Bg2 O-O 5. Nf3 d6 6. O-O c6 7. Nc3 Bf5 8. b3
Ne4 9. Bb2 Nxc3 10. Bxc3 Be4 11. Qd2 d5 12. Rac1 a5 13. a4 Qb6 14. Qa2 e6 15.
Rfd1 Rd8 16. c5 Qc7 17. b4 axb4 18. Bxb4 Nd7 19. a5 Re8 20. Rc3 Bxf3 21. Bxf3
e5 22. e3 exd4 23. exd4 Nf8 24. Rb3 Ne6 25. Bc3 h5 26. Qb2 Re7 27. Rb1 Rxa5 28.
Bxa5 Qxa5 29. Rb4 Nxc5 30. Qc2 Ne6 31. Rxb7 Nxd4 32. Qd3 Rxb7 33. Rxb7 Qd2 34.
Qa3 h4 35. gxh4 Qf4 36. Kg2 Nf5 37. Bd1 Bd4 38. Qa2 Nxh4+ 39. Kf1 Qxh2 40. Bg4
Qg2+ 0-1